Click the Denmark Cities - Statistics

General Stats
  • This quiz has been taken 219 times
  • The average score is 7 of 12
Answers on the Grid
Answers color-coded by a green-red scale on the quiz's grid according to % correct below.
Copenhagen
Toronto
Helsingborg
Roskilde
Odense
Moscow
Esbjerg
Randers
Paris
Berlin
Warsaw
Aarhus
Aalborg
Washington D.C.
Detroit
Nuuk
London
Madrid
Hillerrod
Torshavn
Stockholm
Oslo
Skive
Viborg
 
Answer Stats
Answer % Correct
Copenhagen
99%
Aalborg
78%
Odense
66%
Aarhus
62%
Roskilde
60%
Esbjerg
59%
Hillerrod
53%
Viborg
53%
Nuuk
51%
Skive
51%
Randers
49%
Torshavn
49%
No matching quizzes found
Score Distribution
Percent of People with Each Score
Percentile by Number Answered
Your Score History
You have not taken this quiz